<?xml version="1.0" encoding="UTF-8"?>
<record
    xmlns:xsi="http://www.w3.org/2001/XMLSchema-instance"
    xsi:schemaLocation="http://www.loc.gov/MARC21/slim http://www.loc.gov/standards/marcxml/schema/MARC21slim.xsd"
    xmlns="http://www.loc.gov/MARC21/slim">

  <leader>00839nam a22001817a 4500</leader>
  <datafield tag="999" ind1=" " ind2=" ">
    <subfield code="c">61421</subfield>
    <subfield code="d">61421</subfield>
  </datafield>
  <controlfield tag="005">20240311165754.0</controlfield>
  <controlfield tag="008">240311s1964    ru ||||| |||| 00| 0 rus d</controlfield>
  <datafield tag="041" ind1=" " ind2=" ">
    <subfield code="a">rus</subfield>
  </datafield>
  <datafield tag="080" ind1=" " ind2=" ">
    <subfield code="a">336.74(395.3) &#x413;-60</subfield>
  </datafield>
  <datafield tag="100" ind1=" " ind2=" ">
    <subfield code="a">&#x413;&#x43E;&#x43B;&#x435;&#x43D;&#x43A;&#x43E;, &#x41A;. &#x412;.</subfield>
    <subfield code="9">21387</subfield>
  </datafield>
  <datafield tag="245" ind1=" " ind2=" ">
    <subfield code="a">&#x414;&#x435;&#x43D;&#x435;&#x436;&#x43D;&#x43E;&#x435; &#x43E;&#x431;&#x440;&#x430;&#x449;&#x435;&#x43D;&#x438;&#x435; &#x41A;&#x43E;&#x43B;&#x445;&#x438;&#x434;&#x44B; &#x432; &#x440;&#x438;&#x43C;&#x441;&#x43A;&#x43E;&#x435; &#x432;&#x440;&#x435;&#x43C;&#x44F; /</subfield>
    <subfield code="c">&#x41A;.&#x412;. &#x413;&#x43E;&#x43B;&#x435;&#x43D;&#x43A;&#x43E;.</subfield>
  </datafield>
  <datafield tag="264" ind1=" " ind2=" ">
    <subfield code="a">&#x41B;&#x435;&#x43D;&#x438;&#x43D;&#x433;&#x440;&#x430;&#x434; : </subfield>
    <subfield code="b">&#x418;&#x437;&#x434;-&#x432;&#x43E; &#x413;&#x43E;&#x441;. &#x42D;&#x440;&#x43C;&#x438;&#x442;&#x430;&#x436;&#x430;, </subfield>
    <subfield code="c">1964.</subfield>
  </datafield>
  <datafield tag="300" ind1=" " ind2=" ">
    <subfield code="a">109 &#x441;.:</subfield>
    <subfield code="b">&#x438;&#x43B;. &#x43A;&#x430;&#x440;&#x442;. ;</subfield>
    <subfield code="c">22 &#x441;&#x43C;.</subfield>
  </datafield>
  <datafield tag="521" ind1=" " ind2=" ">
    <subfield code="a">&#x10D1;&#x10D8;&#x10D1;&#x10DA;&#x10D8;&#x10DD;&#x10D2;&#x10E0;. &#x10E2;&#x10D4;&#x10E5;&#x10E1;&#x10E2;&#x10D8;&#x10E1; &#x10E8;&#x10D4;&#x10DC;&#x10D8;&#x10E8;&#x10D5;&#x10DC;&#x10D4;&#x10D1;&#x10E1;&#x10D0; &#x10D3;&#x10D0; &#x10D2;&#x10D5;. 7-8.</subfield>
  </datafield>
  <datafield tag="653" ind1=" " ind2=" ">
    <subfield code="a">&#x10E4;&#x10E3;&#x10DA;&#x10D8;&#x10E1; &#x10DB;&#x10D8;&#x10DB;&#x10DD;&#x10E5;&#x10EA;&#x10D4;&#x10D5;&#x10D0;</subfield>
  </datafield>
  <datafield tag="653" ind1=" " ind2=" ">
    <subfield code="a">&#x10D9;&#x10DD;&#x10DA;&#x10EE;&#x10D4;&#x10D7;&#x10D8;&#x10E1; &#x10E4;&#x10E3;&#x10DA;&#x10D0;&#x10D3;&#x10D8; &#x10DB;&#x10D8;&#x10DB;&#x10DD;&#x10E5;&#x10EA;&#x10D4;&#x10D5;&#x10D0; &#x10E0;&#x10DD;&#x10DB;&#x10D8;&#x10E1; &#x10EE;&#x10D0;&#x10DC;&#x10D0;&#x10E8;&#x10D8;</subfield>
  </datafield>
  <datafield tag="942" ind1=" " ind2=" ">
    <subfield code="2">udc</subfield>
    <subfield code="c">&#x1CAC;&#x1C98;&#x1C92;&#x1C9C;&#x1C98;</subfield>
  </datafield>
  <datafield tag="952" ind1=" " ind2=" ">
    <subfield code="0">0</subfield>
    <subfield code="1">0</subfield>
    <subfield code="2">udc</subfield>
    <subfield code="4">0</subfield>
    <subfield code="6">336743953_&#x413;60</subfield>
    <subfield code="7">0</subfield>
    <subfield code="9">98261</subfield>
    <subfield code="a">CPL</subfield>
    <subfield code="b">CPL</subfield>
    <subfield code="c">GEN</subfield>
    <subfield code="d">2024-03-11</subfield>
    <subfield code="g">5.00</subfield>
    <subfield code="o">336.74(395.3) &#x413;-60</subfield>
    <subfield code="p">65764</subfield>
    <subfield code="r">2024-03-11</subfield>
    <subfield code="t">65764</subfield>
    <subfield code="u">&#x10D1;&#x10E1;&#x10E3;-&#x10E1; &#x10E1;&#x10D0;&#x10DE;&#x10D0;&#x10E2;&#x10D8;&#x10DD; &#x10D3;&#x10DD;&#x10E5;&#x10E2;&#x10DD;&#x10E0;&#x10D8;&#x10E1; &#x10D2;&#x10E3;&#x10E0;&#x10D0;&#x10DB; &#x10DA;&#x10DD;&#x10E0;&#x10D7;&#x10E5;&#x10D8;&#x10E4;&#x10D0;&#x10DC;&#x10D8;&#x10EB;&#x10D8;&#x10E1; &#x10E1;&#x10D0;&#x10E9;&#x10E3;&#x10E5;&#x10D0;&#x10E0;&#x10D8;</subfield>
    <subfield code="w">2024-03-11</subfield>
    <subfield code="y">&#x1CAC;&#x1C98;&#x1C92;&#x1C9C;&#x1C98;</subfield>
    <subfield code="z">5 &#x10DA;.</subfield>
  </datafield>
</record>
